000 00616nam a2200241Ia 4500
003 OSt
005 20221005132523.0
006 a|||||r|||| 00| 0
007 ta
008 221004b |||||||| |||| 00| 0 eng d
024 _a59490
037 _cTextual
040 _aCRL
_cCRL
_beng
041 _2eng
_aeng
082 _aU8:71:L6, K0
100 _aBurnaby Andrew
_9641260
245 0 _aTravels through the middle settlement in North-America etc.
250 _a2nd
260 _c1960
650 _aGEOGRAPHY
942 _hU8:71:L6, K0
_cTEXL
_2cc
999 _c1063884
_d1063884